00319nam a2200121Ia 4500008004100000020001500041082001900056100001300075245006100088260003500149300000800184650000500192140316s9999 xx 000 0 und d a0415284899 a615.53bPUR/RA aPuri,H S aRasayana: ayurvedic herbs for longevity and rejuvenation aLondonbTaylor & Francisc2003 a352 a